Statistics for Capitals on the Other Side of the World #2

Click here to take the quiz!

General Stats

  • This quiz has been taken 47 times
  • The average score is 10 of 20

Answer Stats

From...Answer% Correct
Cape Town 3Tokyo
95%
Buenos Aires 5Tokyo
95%
Buenos Aires 3Beijing
90%
Reykjavik 2Canberra
90%
Buenos Aires 1Seoul
85%
Reykjavik 1Wellington
85%
Buenos Aires 2Pyongyang
80%
Buenos Aires 4Taipei
70%
Reykjavik 4Suva
50%
Reykjavik 3Nuku'alofa
43%
Cape Town 2South Tarawa
43%
Reykjavik 5Port Vila
35%
Cape Town 1Majuro
33%
Cape Town 4Palikir
33%
Cape Town 5Yaren
28%
Apia 1N'Djamena
20%
Apia 3Niamey
20%
Apia 2Abuja
18%
Apia 4Cotonou
13%
Apia 5Ouagadougou
13%

Score Distribution

Percentile by Number Answered

Percent of People with Each Score

Your Score History

You have not taken this quiz